[Event "Titled Tue 3rd Jun Early"]
[Site "chess.com INT"]
[Date "2025.06.03"]
[Round "5"]
[White "Deveci, Huseyin Said"]
[Black "Huseynova, Dinara"]
[Result "0-1"]
[WhiteTitle "CM"]
[BlackTitle "WCM"]
[WhiteElo "2212"]
[BlackElo "1822"]
[WhiteFideId "26322455"]
[BlackFideId "13437313"]
[EventDate "2025.06.03"]

1. c4 f5 2. Nc3 Nf6 3. f4 b6 4. Nf3 e6 5. e3 Bb7 6. Be2 Bb4 7. O-O O-O 8. d4
Bxc3 9. bxc3 d6 10. a4 a5 11. Rb1 Nbd7 12. Ba3 Be4 13. Rc1 Re8 14. Ng5 Bb7 15.
Qe1 h6 16. Nf3 Ne4 17. Nh4 Qf6 18. Bh5 Red8 19. Rf3 g5 20. fxg5 Qxg5 21. g4 Ndf6
22. Nxf5 Nxh5 23. Kf1 exf5 24. gxf5 Kh8 25. d5 Rg8 26. Rc2 Qg1+ 27. Ke2 Rg2+ 28.
Kd3 Qxe1 29. Rxg2 Qxc3+ 30. Kxe4 Re8# 0-1

[Event "Titled Tue 3rd Jun Early"]
[Site "chess.com INT"]
[Date "2025.06.03"]
[Round "5"]
[White "Duarte Cramer, Lily Jeanette"]
[Black "Iljin, Timofey"]
[Result "0-1"]
[WhiteTitle "WCM"]
[BlackTitle "IM"]
[WhiteElo "1828"]
[BlackElo "2242"]
[WhiteFideId "29620180"]
[BlackFideId "14110180"]
[EventDate "2025.06.03"]

1. d4 Nf6 2. c4 d6 3. Nc3 g6 4. e4 Bg7 5. Nf3 O-O 6. Be2 e5 7. Be3 Nc6 8. d5 Ne7
9. Nd2 Nd7 10. h4 h6 11. h5 g5 12. g4 c6 13. Nf1 cxd5 14. cxd5 Nc5 15. Ng3 Bd7
16. Bxc5 dxc5 17. Qb3 Rb8 18. Bb5 Nc8 19. Bxd7 Qxd7 20. Nf5 Nd6 21. Nxd6 Qxd6
22. Ne2 b5 23. Ng3 c4 24. Qc2 Rfc8 25. Nf5 Qb4+ 26. Qc3 Qc5 27. a3 Bf8 28. O-O
b4 29. axb4 Rxb4 30. Qxe5 Rb3 31. Qf6 Rb6 32. Qe5 Qb4 33. Rxa7 Qxb2 34. Ne7+
Bxe7 35. Qxe7 Rf6 36. e5 Rf4 37. e6 Rf8 38. d6 Rxg4+ 39. Kh2 Qe5+ 40. f4 Qe2+
41. Kh1 Qg2# 0-1

[Event "Titled Tue 3rd Jun Early"]
[Site "chess.com INT"]
[Date "2025.06.03"]
[Round "5"]
[White "Gattani, Sarthak"]
[Black "Silva, Luca"]
[Result "0-1"]
[BlackTitle "FM"]
[WhiteElo "1869"]
[BlackElo "2227"]
[WhiteFideId "30995965"]
[BlackFideId "147370"]
[EventDate "2025.06.03"]

1. d4 Nf6 2. c4 e6 3. Nf3 Bb4+ 4. Bd2 Bxd2+ 5. Qxd2 d5 6. Nc3 O-O 7. cxd5 exd5
8. e3 c6 9. Bd3 Re8 10. O-O Nbd7 11. b4 a6 12. a4 Ne4 13. Qc2 Ndf6 14. h3 Bf5
15. Ne2 Bg6 16. Nf4 Nd6 17. Nxg6 hxg6 18. Rab1 Nfe4 19. b5 axb5 20. axb5 Rc8 21.
bxc6 bxc6 22. Bxe4 Nxe4 23. Ne5 c5 24. Qb2 c4 25. Rfc1 Rb8 26. Qa3 Qh4 27. Rxb8
Qxf2+ 28. Kh1 Rxb8 29. Qa7 Rb2 30. Rg1 Qg3 31. Qa8+ Kh7 32. h4 Nf2# 0-1

[Event "Titled Tue 3rd Jun Early"]
[Site "chess.com INT"]
[Date "2025.06.03"]
[Round "5"]
[White "Weetik, Vjacheslav"]
[Black "Karpenko, Anton"]
[Result "1-0"]
[WhiteTitle "FM"]
[BlackTitle "CM"]
[WhiteElo "2423"]
[BlackElo "2218"]
[WhiteFideId "4153472"]
[BlackFideId "34374353"]
[EventDate "2025.06.03"]

1. d4 Nf6 2. c4 e6 3. Nc3 Bb4 4. a3 Bxc3+ 5. bxc3 c5 6. e3 b6 7. f3 O-O 8. e4
Ne8 9. f4 Bb7 10. Bd3 f5 11. Qe2 fxe4 12. Bxe4 Bxe4 13. Qxe4 Nc6 14. Nf3 Na5 15.
Qd3 cxd4 16. cxd4 Qc7 17. c5 bxc5 18. dxc5 Qxc5 19. Be3 Qe7 20. Rc1 Nb7 21. O-O
Ned6 22. Rc7 Rac8 23. Ng5 g6 24. Rxc8 Rxc8 25. Bxa7 Nf5 26. g4 Ng7 27. Bd4 d6
28. Re1 Nc5 29. Qe3 Re8 30. Bb2 h6 31. Nf3 Qb7 32. Bd4 Qe7 33. h3 h5 34. Ng5 1-0

[Event "Titled Tue 3rd Jun Early"]
[Site "chess.com INT"]
[Date "2025.06.03"]
[Round "5"]
[White "Burmakin, Evgeniy"]
[Black "Montano Vicente, Guadalupe"]
[Result "0-1"]
[WhiteTitle "FM"]
[WhiteElo "2110"]
[BlackElo "1940"]
[WhiteFideId "4163729"]
[BlackFideId "5181399"]
[EventDate "2025.06.03"]

1. e4 c5 2. Nf3 d6 3. d4 cxd4 4. Nxd4 Nf6 5. Nc3 a6 6. f3 e5 7. Nb3 Be6 8. Be3
h5 9. Qd2 Be7 10. O-O-O Nbd7 11. Nd5 Nxd5 12. exd5 Bf5 13. Bd3 Bxd3 14. Qxd3 Bg5
15. f4 exf4 16. Bd4 O-O 17. Kb1 Re8 18. g3 Ne5 19. Bxe5 Rxe5 20. gxf4 Bxf4 21.
Qf3 Bh6 22. Nd4 Qd7 23. Rdf1 g6 24. Rhg1 Bg7 25. c4 Rae8 26. Nc2 b5 27. cxb5
axb5 28. Rd1 Re2 29. h4 Qc7 30. Qd3 Qc4 31. Qxc4 bxc4 0-1

[Event "Titled Tue 3rd Jun Early"]
[Site "chess.com INT"]
[Date "2025.06.03"]
[Round "5"]
[White "Chen, Yidong"]
[Black "Khandhadia, Nivaan Rathin"]
[Result "1-0"]
[BlackTitle "CM"]
[WhiteElo "2038"]
[BlackElo "2112"]
[WhiteFideId "8607028"]
[BlackFideId "25753274"]
[EventDate "2025.06.03"]

1. e4 c5 2. Nf3 d6 3. d4 cxd4 4. Nxd4 Nf6 5. Nc3 g6 6. Be3 Bg7 7. f3 O-O 8. Qd2
Nc6 9. O-O-O d5 10. Nxc6 bxc6 11. Bc4 Bb7 12. Bb3 e6 13. h4 a5 14. a4 Rb8 15. h5
Nxh5 16. g4 Nf6 17. Bh6 e5 18. Bxg7 Kxg7 19. Qh6+ Kg8 20. exd5 cxd5 21. Bxd5 Qb6
22. Ne4 Nh5 23. b3 Bxd5 24. Rxd5 Qc6 25. Rd6 Qc5 26. Nxc5 1-0

[Event "Titled Tue 3rd Jun Early"]
[Site "chess.com INT"]
[Date "2025.06.03"]
[Round "5"]
[White "Firouzja, Alireza"]
[Black "Sychev, Klementy"]
[Result "1-0"]
[WhiteTitle "GM"]
[BlackTitle "GM"]
[WhiteElo "2757"]
[BlackElo "2542"]
[WhiteFideId "12573981"]
[BlackFideId "4114060"]
[EventDate "2025.06.03"]

1. Nf3 Nf6 2. g3 d5 3. Bg2 c5 4. O-O g6 5. d3 Bg7 6. c4 O-O 7. Nc3 Nc6 8. Bf4 d4
9. Na4 Nd7 10. e4 e5 11. Bd2 b6 12. a3 Rb8 13. Qc1 Re8 14. b4 Qc7 15. h4 h5 16.
Rb1 Nd8 17. Ng5 Qc6 18. Qd1 f6 19. Nh3 Nf8 20. f4 Bg4 21. Qc2 Nf7 22. f5 cxb4
23. axb4 gxf5 24. Nf2 Qd7 25. Nxg4 fxg4 26. Rf5 Nd6 27. Rxh5 Qf7 28. Rf5 Nxf5
29. exf5 Kh8 30. Qd1 Qd7 31. Be4 Nh7 32. b5 Rg8 33. c5 Bf8 34. c6 Qg7 35. Nb2
Be7 36. Ra1 Bd8 37. Nc4 Rf8 38. Bb4 Rg8 39. Ra2 Rc8 40. Qa1 Rc7 41. Bd6 Rf7 42.
Bd5 Re8 43. Bxf7 Qxf7 44. Rxa7 Qd5 45. c7 Qf3 46. Qe1 Bxc7 47. Rxc7 e4 48. Bf4
e3 49. Nd6 Ra8 50. Rc8+ Rxc8 51. Nxc8 Nf8 52. Nxb6 1-0

[Event "Titled Tue 3rd Jun Early"]
[Site "chess.com INT"]
[Date "2025.06.03"]
[Round "5"]
[White "Keneshbekov, Elim"]
[Black "Waldhausen Gordon, Frederick"]
[Result "0-1"]
[WhiteTitle "CM"]
[BlackTitle "FM"]
[WhiteElo "1867"]
[BlackElo "2397"]
[WhiteFideId "13816772"]
[BlackFideId "2409143"]
[EventDate "2025.06.03"]

1. e4 e5 2. Nf3 Nc6 3. Bc4 Nf6 4. d3 Bc5 5. Nc3 h6 6. h3 a6 7. a3 d6 8. Be3 Bxe3
9. fxe3 O-O 10. Qe2 Be6 11. O-O-O Bxc4 12. dxc4 b6 13. g4 Nd7 14. Rdg1 f6 15. h4
g6 16. Nd5 Ne7 17. g5 Nxd5 18. exd5 fxg5 19. hxg5 h5 20. Nh4 Qe8 21. Rf1 Kg7 22.
Rxf8 Nxf8 23. Rf1 Nh7 24. Qd3 e4 25. Qd2 Qe5 26. Rf4 Rf8 27. Qf2 Qxg5 28. Rxf8
Nxf8 29. Ng2 Qf6 30. Nf4 Kh6 31. Qg2 g5 32. Ne2 Qf3 33. Qh2 Qxe3+ 34. Kb1 h4 35.
Nc3 Qf3 36. Qd2 Ng6 37. Qd4 e3 38. Qd3 h3 0-1

[Event "Titled Tue 3rd Jun Early"]
[Site "chess.com INT"]
[Date "2025.06.03"]
[Round "5"]
[White "Karimova, Guldona"]
[Black "Lira, Suan Bruno Fernandes"]
[Result "0-1"]
[WhiteTitle "WIM"]
[WhiteElo "2265"]
[BlackElo "2163"]
[WhiteFideId "14210410"]
[BlackFideId "22794620"]
[EventDate "2025.06.03"]

1. e4 c6 2. d4 d5 3. Nd2 dxe4 4. Nxe4 Nf6 5. Nxf6+ exf6 6. Be3 Bd6 7. Bd3 O-O 8.
Ne2 Re8 9. c4 Nd7 10. O-O Nf8 11. Qd2 Be6 12. Nc3 Qc7 13. h3 Qd7 14. Rad1 Bxh3
15. Ne4 Be6 16. Nxd6 Qxd6 17. Bf4 Qd7 18. b3 Ng6 19. Bxg6 fxg6 20. d5 cxd5 21.
cxd5 Bf7 22. d6 g5 23. Bg3 h5 24. f4 h4 25. Bf2 gxf4 26. Qxf4 h3 27. g3 Qc6 0-1

[Event "Titled Tue 3rd Jun Early"]
[Site "chess.com INT"]
[Date "2025.06.03"]
[Round "5"]
[White "Aalto, Patrik"]
[Black "Dovgaliuk, Oleksandr"]
[Result "1-0"]
[WhiteTitle "FM"]
[WhiteElo "2313"]
[BlackElo "2240"]
[WhiteFideId "510726"]
[BlackFideId "14167247"]
[EventDate "2025.06.03"]

1. c4 e5 2. g3 h5 3. h4 Nc6 4. Bg2 d6 5. Nc3 Bg4 6. d3 Be7 7. Rb1 g5 8. hxg5
Bxg5 9. Bxg5 Qxg5 10. Nf3 Bxf3 11. Bxf3 Nge7 12. b4 h4 13. b5 Nd4 14. Bxb7 Rb8
15. Bg2 Nef5 16. Qd2 Qg7 17. g4 h3 18. Rxh3 Rxh3 19. Bxh3 Nh4 20. Kf1 Qh7 21.
Bg2 Ng6 22. e3 Ne6 23. Nd5 Qh4 24. Qe2 Kd7 25. Qf3 Rf8 26. Nf6+ Ke7 27. Nd5+ Kd8
28. Ke2 f5 29. gxf5 Qg5 30. Qg3 Qxf5 31. Bh3 Qh5+ 32. Bg4 Qg5 33. Bxe6 1-0

[Event "Titled Tue 3rd Jun Early"]
[Site "chess.com INT"]
[Date "2025.06.03"]
[Round "5"]
[White "Darmanin, Jake"]
[Black "Ersoz, Teoman Guney"]
[Result "1-0"]
[WhiteTitle "CM"]
[BlackTitle "CM"]
[WhiteElo "2065"]
[BlackElo "2090"]
[WhiteFideId "5601061"]
[BlackFideId "44537050"]
[EventDate "2025.06.03"]

1. e4 c5 2. Nf3 e6 3. c3 d5 4. exd5 Qxd5 5. d4 Nf6 6. Na3 cxd4 7. Nb5 Na6 8.
Nbxd4 Bd7 9. Qb3 Bd6 10. Qxd5 Nxd5 11. Bb5 Nc5 12. O-O O-O 13. Re1 Rfd8 14. Bg5
f6 15. Bh4 g5 16. Bg3 Bxg3 17. hxg3 Bxb5 18. Nxb5 Kf7 19. Rad1 Rd7 20. b4 Na4
21. c4 Ndb6 22. Rxd7+ Nxd7 23. Nd6+ Ke7 24. c5 b6 25. Nf5+ Kf7 26. Rd1 exf5 27.
Rxd7+ Kg6 28. c6 Rc8 29. Nd4 a6 30. c7 Nc3 31. Nc6 Nb5 32. Ne7+ Kf7 33. Nxc8+
Ke6 34. Rxh7 a5 35. Nxb6 axb4 36. c8=Q+ 1-0

[Event "Titled Tue 3rd Jun Early"]
[Site "chess.com INT"]
[Date "2025.06.03"]
[Round "5"]
[White "Bozorov, Javohir"]
[Black "Yang, Daniel"]
[Result "1-0"]
[WhiteTitle "FM"]
[BlackTitle "CM"]
[WhiteElo "2093"]
[BlackElo "2213"]
[WhiteFideId "14216957"]
[BlackFideId "30976340"]
[EventDate "2025.06.03"]

1. d4 Nf6 2. Nf3 g6 3. Bf4 Bg7 4. Nbd2 c5 5. c3 cxd4 6. cxd4 d5 7. e3 O-O 8. Bd3
Nc6 9. Qb3 h6 10. h4 Bg4 11. Ne5 Nxe5 12. dxe5 Ne4 13. Nxe4 dxe4 14. Bxe4 Qa5+
15. Kf1 Bxe5 16. Bxh6 Rfd8 17. g3 Rd2 18. Kg2 Rxb2 19. Qc4 Qd2 20. Rhf1 Be2 21.
Qc5 Bxf1+ 22. Rxf1 Bf6 23. h5 Qd6 24. Qa5 Bg7 25. Bxg7 Kxg7 26. hxg6 fxg6 27.
Rd1 Rxf2+ 28. Kxf2 Qxd1 29. Qe5+ Kh6 30. Qf4+ Kg7 31. Qe5+ Kh6 32. Qxe7 Qd2+ 33.
Kf3 Rc8 34. Qh4+ Kg7 35. Qe7+ Kh6 36. Qe6 Qd1+ 37. Kg2 Qd2+ 38. Kh3 1-0

[Event "Titled Tue 3rd Jun Early"]
[Site "chess.com INT"]
[Date "2025.06.03"]
[Round "5"]
[White "Barwinska, Ewa"]
[Black "Goncharov, Vladimir"]
[Result "0-1"]
[WhiteTitle "WFM"]
[WhiteElo "2014"]
[BlackElo "2077"]
[WhiteFideId "21833761"]
[BlackFideId "34162256"]
[EventDate "2025.06.03"]

1. e4 e6 2. d3 c5 3. Nf3 Nc6 4. g3 g6 5. Bg2 Bg7 6. O-O d6 7. c3 Nge7 8. d4 cxd4
9. cxd4 d5 10. e5 h6 11. Nc3 a6 12. b3 Bd7 13. Na4 b6 14. Bb2 O-O 15. Rc1 Nb4
16. Nc3 Rc8 17. a3 Nbc6 18. Ne2 Na7 19. Qd2 Rxc1 20. Rxc1 Qb8 21. h4 Rc8 22. Nf4
Rxc1+ 23. Qxc1 Qc8 24. Qxc8+ Nexc8 25. Kf1 Bf8 26. Ke2 Nb5 27. a4 Nba7 28. Kd3
b5 29. axb5 Bxb5+ 30. Kc3 Nc6 31. Nd3 Nb6 32. Nc5 Be2 33. Kd2 Bb5 34. Ne1 Nxe5
35. Nxe6 fxe6 36. dxe5 Bc5 37. Nd3 Bxd3 38. Kxd3 Bxf2 39. Bd4 Bxd4 40. Kxd4 a5
41. Kc5 a4 42. bxa4 Nxa4+ 43. Kd6 d4 44. Kxe6 d3 45. Bf3 Kg7 0-1

[Event "Titled Tue 3rd Jun Early"]
[Site "chess.com INT"]
[Date "2025.06.03"]
[Round "5"]
[White "Odegov, Artem"]
[Black "El Zein, Zayne-Eddine"]
[Result "1-0"]
[WhiteTitle "FM"]
[BlackTitle "CM"]
[WhiteElo "2244"]
[BlackElo "2146"]
[WhiteFideId "34183644"]
[BlackFideId "5313210"]
[EventDate "2025.06.03"]

1. d4 d6 2. e4 Nf6 3. Nc3 e5 4. Nf3 Nbd7 5. Rg1 c6 6. g4 h6 7. h3 Be7 8. Be3 b5
9. a3 Qa5 10. Bd3 Rb8 11. Bd2 Qb6 12. Be3 Qa5 13. b4 Qc7 14. Ne2 a5 15. Ng3 c5
16. dxc5 dxc5 17. Nf5 c4 18. Be2 axb4 19. Nxe7 Kxe7 20. axb4 Bb7 21. g5 hxg5 22.
Nxg5 Ra8 23. f3 Ra4 24. Rxa4 bxa4 25. c3 Ra8 26. Kf2 a3 27. Qd2 Bc6 28. Bxc4
Bxe4 29. Bb3 Bf5 30. Nxf7 g6 31. Nh6 Rh8 32. Nxf5+ gxf5 33. Rg7+ Ke8 34. Ba4
Rxh3 35. Kg2 Rh8 36. Bg5 Kf8 37. Bxf6 1-0

[Event "Titled Tue 3rd Jun Early"]
[Site "chess.com INT"]
[Date "2025.06.03"]
[Round "5"]
[White "Kis, Lorand Bela"]
[Black "Kurmangaliyeva, Liya"]
[Result "1/2-1/2"]
[BlackTitle "FM"]
[WhiteElo "1955"]
[BlackElo "2246"]
[WhiteFideId "2024098"]
[BlackFideId "13725831"]
[EventDate "2025.06.03"]

1. d4 f5 2. e4 fxe4 3. Nc3 Nf6 4. g4 d5 5. g5 Ng8 6. f3 e3 7. Bxe3 Bf5 8. Nge2
g6 9. Ng3 Be6 10. h4 Nc6 11. h5 Qd6 12. f4 gxh5 13. Qxh5+ Bf7 14. Qg4 e6 15.
O-O-O Nge7 16. Bd3 Bg6 17. Bxg6+ Nxg6 18. f5 exf5 19. Nxf5 Qd7 20. Rdg1 O-O-O
21. Nh6 Bb4 22. Nf7 Rhe8 23. Nxd8 Rxe3 24. Nxc6 bxc6 25. Qxd7+ Kxd7 26. Rxh7+
Ke6 27. Nd1 Rf3 28. Rxc7 Nf4 29. Kb1 Ne2 30. Rh1 Ng3 31. Rg1 Ne2 32. Rh1 Ng3 33.
Rg1 Ne2 1/2-1/2

[Event "Titled Tue 3rd Jun Early"]
[Site "chess.com INT"]
[Date "2025.06.03"]
[Round "5"]
[White "Gelman, Alexander"]
[Black "Baules Rodriguez, Jorge Luis"]
[Result "1-0"]
[WhiteTitle "IM"]
[BlackTitle "IM"]
[WhiteElo "2403"]
[BlackElo "2257"]
[WhiteFideId "4118316"]
[BlackFideId "6600247"]
[EventDate "2025.06.03"]

1. d4 Nf6 2. Nc3 d5 3. Bf4 g6 4. e3 Bg7 5. f3 O-O 6. Qd2 c5 7. g4 cxd4 8. exd4
Nc6 9. O-O-O h5 10. h3 Be6 11. Nge2 Rc8 12. Kb1 Qa5 13. Bh6 b5 14. Bxg7 Kxg7 15.
Nf4 b4 16. Nce2 b3 17. cxb3 Qxd2 18. Rxd2 Bd7 19. Nc3 Nxd4 20. Rxd4 e5 21. Rxd5
exf4 22. Rd4 Rh8 23. g5 Bf5+ 24. Bd3 Bxd3+ 25. Rxd3 Nh7 26. h4 Rhe8 27. Rd4 Re3
28. Rxf4 Rd8 29. Rd1 Rde8 30. Rd7 R8e7 31. Rxe7 Rxe7 32. Kc2 f6 33. gxf6+ Nxf6
34. Rxf6 Kxf6 35. Nd5+ Ke6 36. Nxe7 Kxe7 37. Kd3 Kf6 38. Ke3 Kf5 39. b4 a5 40.
bxa5 g5 41. hxg5 h4 42. Kf2 Kxg5 43. a6 1-0

[Event "Titled Tue 3rd Jun Early"]
[Site "chess.com INT"]
[Date "2025.06.03"]
[Round "5"]
[White "Martin Fuentes, Alberto"]
[Black "Ramu, K."]
[Result "1-0"]
[WhiteTitle "FM"]
[BlackTitle "FM"]
[WhiteElo "2376"]
[BlackElo "2151"]
[WhiteFideId "2292289"]
[BlackFideId "5006171"]
[EventDate "2025.06.03"]

1. e4 c5 2. Nc3 d6 3. g3 Nc6 4. d3 g6 5. Bg2 Bg7 6. Be3 Rb8 7. Qd2 b5 8. Nge2 b4
9. Nd1 e6 10. O-O Nge7 11. Bh6 O-O 12. Bxg7 Kxg7 13. f4 f5 14. Ne3 Bb7 15. exf5
gxf5 16. d4 cxd4 17. Nxd4 Nxd4 18. Qxd4+ Rf6 19. Qxa7 Bxg2 20. Kxg2 Rf7 21. Qd4+
Kg8 22. Rad1 d5 23. Rd3 Ng6 24. Re1 Rg7 25. Kh1 Rc8 26. Nf1 Rxc2 27. Rxe6 h6 28.
Rd2 Rc1 29. Rd1 Rxd1 30. Qxd1 d4 31. Qf3 d3 32. Nd2 Qd4 33. Re8+ Kh7 34. Re3
Qxb2 35. Rxd3 Qxa2 36. Nb3 Rc7 37. Rd2 Qb1+ 38. Kg2 Rg7 39. Kh3 Qg1 40. Rg2 Qa1
41. Nxa1 1-0

[Event "Titled Tue 3rd Jun Early"]
[Site "chess.com INT"]
[Date "2025.06.03"]
[Round "5"]
[White "Neustroev, Victor"]
[Black "Nanugonda, Vishva"]
[Result "0-1"]
[WhiteTitle "FM"]
[WhiteElo "2283"]
[BlackElo "2135"]
[WhiteFideId "4144147"]
[BlackFideId "30961335"]
[EventDate "2025.06.03"]

1. e4 e5 2. Nf3 Nc6 3. Bc4 Bc5 4. c3 Nf6 5. d3 a6 6. Bg5 h6 7. Bh4 g5 8. Bg3 d6
9. O-O Ba7 10. a4 Qe7 11. Nbd2 Rg8 12. b4 h5 13. h4 Bg4 14. Qc2 Nh7 15. Bd5 Nd8
16. b5 a5 17. d4 Nf6 18. dxe5 dxe5 19. hxg5 Nh7 20. Bxe5 Nxg5 21. Nxg5 Qxg5 22.
Bg3 h4 0-1

[Event "Titled Tue 3rd Jun Early"]
[Site "chess.com INT"]
[Date "2025.06.03"]
[Round "5"]
[White "Fragkos, Vasileios"]
[Black "Guliev, Gasan"]
[Result "0-1"]
[WhiteTitle "CM"]
[BlackTitle "CM"]
[WhiteElo "2176"]
[BlackElo "2123"]
[WhiteFideId "25832646"]
[BlackFideId "34165638"]
[EventDate "2025.06.03"]

1. f4 Nc6 2. Nf3 d5 3. e3 Bg4 4. Bb5 e6 5. b3 Ne7 6. Bb2 a6 7. Bxc6+ Nxc6 8. h3
Bh5 9. g4 Bg6 10. d3 f6 11. Nbd2 Bc5 12. Qe2 Qd7 13. h4 h5 14. g5 Rf8 15. Nh2
O-O-O 16. O-O-O e5 17. gxf6 gxf6 18. fxe5 fxe5 19. Ndf3 e4 20. dxe4 Bxe4 21.
Rhg1 Qh3 22. Rgf1 Rde8 23. Nd4 Rxf1 24. Nxf1 Qg4 25. Qf2 Rf8 26. Qd2 Ne5 27. Nh2
Qh3 28. a3 Ng4 29. Nxg4 hxg4 30. Ne6 Bxe3 31. Nxf8 Bxd2+ 32. Rxd2 g3 33. Bd4 g2
34. Kb2 Qg4 35. Bg1 Qg7+ 36. Ka2 Qxf8 37. Rd1 Qf3 38. Rc1 Qc3 39. h5 Bxc2 40. h6
Qxb3+ 41. Ka1 Qxa3# 0-1

[Event "Titled Tue 3rd Jun Early"]
[Site "chess.com INT"]
[Date "2025.06.03"]
[Round "5"]
[White "Malka, Samuel"]
[Black "Goryachkina, Aleksandra"]
[Result "1/2-1/2"]
[WhiteTitle "FM"]
[BlackTitle "GM"]
[WhiteElo "2228"]
[BlackElo "2544"]
[WhiteFideId "20643675"]
[BlackFideId "4147103"]
[EventDate "2025.06.03"]

1. d4 d5 2. c4 e6 3. Nf3 Nf6 4. g3 dxc4 5. Bg2 Bb4+ 6. Bd2 a5 7. Qc1 O-O 8. Qxc4
Bd6 9. Nc3 b6 10. e4 Ba6 11. Qb3 Bb4 12. e5 Nd5 13. Nxd5 exd5 14. Bxb4 axb4 15.
Qxb4 Nd7 16. Bf1 c5 17. Qc3 Bxf1 18. Kxf1 cxd4 19. Qxd4 Nc5 20. Kg2 Ra4 21. b4
Ne6 22. Qd2 d4 23. Qc2 Rxb4 24. a3 Rb5 25. Qe4 d3 26. Rhd1 Rd5 27. Rac1 Nc5 28.
Qe3 h6 29. Rc3 Qd7 30. Nd2 Rd8 31. Nc4 Qe6 32. f4 Rd4 33. Nd6 Qd5+ 34. Qf3 Qxf3+
35. Kxf3 f6 36. Nf5 R4d5 37. Ne7+ Kf7 38. Nxd5 Rxd5 39. a4 fxe5 40. fxe5 Rxe5
41. Rdxd3 Nxd3 42. Rxd3 Ra5 1/2-1/2

[Event "Titled Tue 3rd Jun Early"]
[Site "chess.com INT"]
[Date "2025.06.03"]
[Round "5"]
[White "Dicen, Elis Denele"]
[Black "Grot, Blazej"]
[Result "0-1"]
[WhiteTitle "WFM"]
[BlackTitle "CM"]
[WhiteElo "2135"]
[BlackElo "2217"]
[WhiteFideId "462560"]
[BlackFideId "21835845"]
[EventDate "2025.06.03"]

1. e4 c5 2. Nf3 e6 3. c3 Nf6 4. e5 Nd5 5. d4 cxd4 6. cxd4 b6 7. Nc3 Bb7 8. Bg5
Be7 9. Bd2 O-O 10. Bd3 d6 11. O-O h6 12. Re1 Nd7 13. Qe2 dxe5 14. Nxe5 Nxe5 15.
dxe5 Nxc3 16. Bxc3 Qd5 17. f3 Rfd8 18. Rad1 Qc5+ 19. Kh1 Rac8 20. a3 a5 21. f4
Qc6 22. Qg4 Bf8 23. Be2 Rxd1 24. Rxd1 Qe8 25. Bd3 Rd8 26. f5 exf5 27. Qxf5 g6
28. Qf2 Bc5 29. Qg3 Qc6 30. e6 Qxe6 31. Qh4 Be7 32. Qxh6 Bf6 33. Re1 Qg4 34. Re2
Bxc3 35. bxc3 Bxg2+ 36. Rxg2 Qd1+ 37. Rg1 Qf3+ 38. Rg2 Rxd3 39. Qc1 Rd1+ 0-1

[Event "Titled Tue 3rd Jun Early"]
[Site "chess.com INT"]
[Date "2025.06.03"]
[Round "5"]
[White "Mayaud, Raphael"]
[Black "Huseynova, Lala"]
[Result "1-0"]
[WhiteTitle "CM"]
[BlackTitle "WFM"]
[WhiteElo "2126"]
[BlackElo "2123"]
[WhiteFideId "627151"]
[BlackFideId "13431781"]
[EventDate "2025.06.03"]

1. d4 d5 2. c4 e6 3. Nf3 Nf6 4. g3 Bb4+ 5. Bd2 Bd6 6. Qc2 c6 7. Bg2 O-O 8. O-O
Nbd7 9. Nc3 Qe7 10. e4 dxe4 11. Nxe4 Nxe4 12. Qxe4 Nf6 13. Qc2 Bd7 14. Rfe1 Rac8
15. Rad1 b6 16. Ne5 Rfd8 17. Bc3 Be8 18. a3 Bb8 19. b4 c5 20. bxc5 bxc5 21. d5
Bd6 22. h3 Qf8 23. Rd2 exd5 24. cxd5 c4 25. a4 Bb4 26. Nc6 Bxc6 27. dxc6 Rxd2
28. Qxd2 Bxc3 29. Qxc3 Qc5 30. Qf3 c3 31. Rc1 c2 32. Qd3 Re8 33. Rxc2 Re1+ 34.
Kh2 Qe7 35. c7 1-0

[Event "Titled Tue 3rd Jun Early"]
[Site "chess.com INT"]
[Date "2025.06.03"]
[Round "5"]
[White "Barseghyan, Armen Ar."]
[Black "Putnam, Liam"]
[Result "0-1"]
[WhiteTitle "IM"]
[BlackTitle "IM"]
[WhiteElo "2348"]
[BlackElo "2443"]
[WhiteFideId "13306707"]
[BlackFideId "30938279"]
[EventDate "2025.06.03"]

1. Nf3 d5 2. d4 Nf6 3. c4 c6 4. Nc3 dxc4 5. a4 Bf5 6. e3 e6 7. Bxc4 Nbd7 8. O-O
Bb4 9. Qe2 Bg6 10. Ne5 Nxe5 11. dxe5 Nd7 12. f4 O-O 13. e4 Nb6 14. Bb3 Qh4 15.
Bd1 h6 16. f5 Bh7 17. Bb3 exf5 18. exf5 Rae8 19. f6 Qd4+ 20. Kh1 Rxe5 21. fxg7
Rxe2 22. gxf8=Q+ Bxf8 23. Nxe2 Qd3 24. Bxf7+ Kh8 25. Ng3 Bg7 26. Bf4 Nd5 27.
Rad1 Qc4 28. Nh5 Bc2 29. Rde1 Be4 30. b3 Qd3 31. Ng3 Nxf4 32. Rxf4 Bxg2+ 33. Kg1
Bd5 0-1

[Event "Titled Tue 3rd Jun Early"]
[Site "chess.com INT"]
[Date "2025.06.03"]
[Round "5"]
[White "Nakonechnyi, Oleksii"]
[Black "Shankland, Sam"]
[Result "0-1"]
[WhiteTitle "CM"]
[BlackTitle "GM"]
[WhiteElo "2224"]
[BlackElo "2666"]
[WhiteFideId "34173714"]
[BlackFideId "2004887"]
[EventDate "2025.06.03"]

1. e4 c6 2. d4 d5 3. Nd2 dxe4 4. Nxe4 Bf5 5. Ng3 Bg6 6. Nf3 Nd7 7. Bd3 e6 8. O-O
Ngf6 9. Re1 Be7 10. c3 O-O 11. Bxg6 hxg6 12. Qc2 c5 13. Bg5 cxd4 14. Nxd4 Nd5
15. Bxe7 Qxe7 16. Qe4 N7f6 17. Qe5 a6 18. Qg5 Qc7 19. Ne4 Qf4 20. Qxf4 Nxf4 21.
Ng5 Rfd8 22. g3 Nd3 23. Re2 b5 24. Rd1 Nc5 25. Red2 Nfe4 26. Nxe4 Nxe4 27. Re2
Nc5 28. Red2 Rac8 29. Nc2 Rxd2 30. Rxd2 a5 31. Rd6 Na4 32. Nd4 b4 33. cxb4 axb4
34. Nc6 Kf8 35. Nxb4 Nxb2 36. Rd2 Na4 37. Rd7 g5 38. Ra7 Nc3 39. Nd3 f6 40. a4
e5 41. a5 e4 42. Nb4 Rb8 43. Rc7 Rxb4 44. Rxc3 Ra4 45. Rc5 g4 46. Kg2 Ra2 47.
Rf5 e3 48. Kf1 exf2 49. Rxf2 Rxa5 50. Kg2 Kf7 51. Rb2 f5 52. h3 gxh3+ 53. Kxh3
g5 54. Rb7+ Kg6 55. Rb6+ Kh5 56. g4+ fxg4+ 57. Kg3 Ra3+ 58. Kg2 g3 59. Rb4 g4
60. Rb5+ Kh4 61. Rb8 Ra2+ 62. Kg1 Ra5 63. Rb1 Kh3 64. Kf1 Rf5+ 65. Kg1 g2 66.
Rb3+ Rf3 0-1